<?xml version="1.0" encoding="utf-8"?>
<?xml-stylesheet type='text/xsl' href='./oai2.xsl'?>
<OAI-PMH xmlns="http://www.openarchives.org/OAI/2.0/" xmlns:xsi="http://www.w3.org/2001/XMLSchema-instance" xsi:schemaLocation="http://www.openarchives.org/OAI/2.0/ http://www.openarchives.org/OAI/2.0/OAI-PMH.xsd">
  <responseDate>2026-06-05T16:56:52Z</responseDate>
  <request verb="GetRecord" metadataPrefix="marcxml" identifier="record_kuniweb_1372267">https://kulturerbe.niedersachsen.de/oai</request>
  <GetRecord>
    <record>
      <header>
        <identifier>record_kuniweb_1372267</identifier>
        <datestamp>2026-03-31T19:09:18Z</datestamp>
        <setSpec>slg0186</setSpec>
      </header>
      <metadata>
        <marc:record xmlns:marc="http://www.loc.gov/MARC21/slim" xsi:schemaLocation="http://www.loc.gov/MARC21/slim http://www.loc.gov/standards/marcxml/schema/MARC21slim.xsd">
          <marc:leader>12345nrm  22     uu 4500</marc:leader>
          <marc:controlfield tag="001">1372267</marc:controlfield>
          <marc:controlfield tag="003">http://kuniweb.gbv.de</marc:controlfield>
          <marc:controlfield tag="005">2022-09-20T15:54:40</marc:controlfield>
          <marc:controlfield tag="008">|           ||||||||||||||||||||||</marc:controlfield>
          <marc:datafield tag="245" ind1="1" ind2="0">
            <marc:subfield code="a">Sockel zur Büste Herzog Carl I.</marc:subfield>
          </marc:datafield>
          <marc:datafield tag="720" ind1=" " ind2=" ">
            <marc:subfield code="a">Fürstenberg Porzellanmanufaktur &lt;Fürstenberg, Weser&gt;</marc:subfield>
          </marc:datafield>
          <marc:datafield tag="655" ind1=" " ind2="7">
            <marc:subfield code="a">Kunsthandwerk</marc:subfield>
          </marc:datafield>
          <marc:datafield tag="046" ind1=" " ind2=" ">
            <marc:subfield code="k">1772</marc:subfield>
            <marc:subfield code="k">1772 (Entwurf)</marc:subfield>
          </marc:datafield>
          <marc:datafield tag="260" ind1=" " ind2=" ">
            <marc:subfield code="g">1772</marc:subfield>
            <marc:subfield code="g">1772 (Entwurf)</marc:subfield>
          </marc:datafield>
          <marc:datafield tag="300" ind1=" " ind2=" ">
            <marc:subfield code="a">Höhe: 18,5 cm
Breite: 20,2 cm
Tiefe: 20,5 cm
Höhe: 50,1 cm (Gesamthöhe mit Büste)</marc:subfield>
          </marc:datafield>
          <marc:datafield tag="520" ind1=" " ind2=" ">
            <marc:subfield code="a">Glasierter Porzellansockel mit hoher, annähernd quadratischer Plinthe mit abgefasten Ecken. Eine niedrige eingerückte und kannelierte, ebenfalls abgefaste Platte vermittelt zum zentralen Podest mit Profilfuß und sich verjüngenden Seiten. Den Abschluss bildet ein Wulst-Kehle-Wulst-Profil. Über die Eckkanten ist stilisiertes Blattwerk gelegt.
Auf der Vorderseite ist eine Rocaille-Kartusche appliziert. Diese wird von einem Herzoghut bekrönt und von einem hermelingefütterten Purpurmantel hinterfangen. In der Kartusche en camieu gemalt ein nach links springendes Ross.
Die Kanten des Sockels, der Kanneluren, die Höhen der Kartusche, der Saum des Mantels, die Bügel des Huts sind vergoldet, während die Stoffe von Krone und Mantel in Purpur und die Hermelinschwanzspitzen in Schwarz gemalt sind. (Büttner)

Veröffentlicht in:
B. Willscheid und A. Flöck, „Exotischer Farbenglanz Braunschweiger Perlentische und andere Corallenwaaren“. Roentgen-Museum Neuwied, Neuwied, 2022. (S. 16.)

Literatur in Zusammenhang:
S. Ducret, „Fürstenberger Porzellan : Bd. 3: Figuren“. Klinkhardt &amp; Biermann, Braunschweig, 1965. (S. 214, Abb. 315 (Vergleichsstück).)</marc:subfield>
          </marc:datafield>
          <marc:datafield tag="650" ind1="1" ind2=" ">
            <marc:subfield code="a">Möbel &gt; Ablage &gt; Gestell &gt; Sockel</marc:subfield>
          </marc:datafield>
          <marc:datafield tag="650" ind1="1" ind2=" ">
            <marc:subfield code="a">Plastiken</marc:subfield>
          </marc:datafield>
          <marc:datafield tag="773" ind1="0" ind2=" ">
            <marc:subfield code="t">Sammlung Kunstgewerbe</marc:subfield>
          </marc:datafield>
          <marc:datafield tag="852" ind1=" " ind2=" ">
            <marc:subfield code="a">Städtisches Museum Braunschweig</marc:subfield>
          </marc:datafield>
          <marc:datafield tag="852" ind1=" " ind2=" ">
            <marc:subfield code="a">Fürstenberg</marc:subfield>
          </marc:datafield>
          <marc:datafield tag="" ind1=" " ind2=" ">
            <marc:subfield code="a">Namensnennung - Nicht kommerziell - Keine Bearbeitungen 4.0 International (CC BY-NC-ND 4.0)</marc:subfield>
          </marc:datafield>
        </marc:record>
      </metadata>
    </record>
  </GetRecord>
</OAI-PMH>
